Cuida les platges i cuida't tu
Publicado:
Barcelona :
Diputació de Barcelona ; Generalitat de Catatunya. Departament d'Interior ; Protecció Civil ,
2016
Descripción Física:
1 ventall : il·lustracions ; 22 x 29 cm
Materias:
Ventalls
Idioma:
Catalán
MARC
| LEADER | 00000nrm a2200000 a 4500 | ||
|---|---|---|---|
| 001 | 25938 | ||
| 008 | 220615b spa||||| |||| 00| 0 cat d | ||
| 080 | |a NBM-13-250 | ||
| 245 | |a Cuida les platges i cuida't tu |h [Ventall] | ||
| 260 | |a Barcelona : |b Diputació de Barcelona ; |b Generalitat de Catatunya. Departament d'Interior ; |b Protecció Civil, |c 2016 | ||
| 300 | |a 1 ventall : |b il·lustracions ; |c 22 x 29 cm | ||
| 546 | |a Text en català, castellà i anglès | ||
| 655 | 0 | |9 52933 |a Ventalls | |
| 710 | 1 | |a Barcelona (Catalunya : Província). |b Diputació |9 52408 | |
| 710 | |a Catalunya. |b Departament d'Interior |9 52624 | ||
| 710 | 1 | |a Catalunya. |b Direcció General de Protecció Civil |9 53457 | |
| 942 | |2 udc |n 1 |c ARXIU | ||
| 952 | |0 0 |1 0 |4 0 |6 NBM13250 |7 1 |9 62403 |a Arxiu |b Arxiu |d 2022-06-15 |l 0 |o NBM-13-250 |p 25938 |r 2022-06-15 00:00:00 |w 2022-06-15 |y ARXIU | ||
| 999 | |c 82048 |d 82048 | ||